000 01222nam0a2200337 i 4500
001 RU\NLR\BIBL_A\010360029
005 20240921171617.0
010 _a9785222227367
_95000
021 _aRU
_b2014-20971
_91300
035 _a(NILC)RuMoRGB-006760982
035 _a(NLR Aleph) 010360029
090 _a10776183
_c10776183
100 _a20140522d2014 km y0rusy50 ca
101 0 _arus
102 _aRU
105 _aa|||z||||00yy
200 1 _aНовый курс лекций по препаратам Тяньши
_fФ. Р. Бикбаева
205 _aИзд. 18-е, стер.
210 _aРостов-на-Дону
_cФеникс
_d2014
215 _a412, [2] с.
_cил., табл.
_d21
225 1 _aСерия "Медицина для вас"
606 1 _aПищевые добавки "Тяньши" корпорации
_xЛечебное применение
_92339395
_3RU\NLR\AUTH\661398438
610 0 _a"тяньши" препараты
686 1 _aР123.02
700 1 _aБикбаева
_bФ. Р.
_gФарида Равильевна
801 0 _aRU
_bRuMoRKP
_c20110919
_gRCR
801 2 _aRU
_bРГБ
_c20140320
_grcr
942 _cBOOK
980 _aNBR